Esplendor de la plata mexicana = Splendor of Mexican Silver. (Record no. 187)

MARC details
000 -CABECERA
campo de control de longitud fija 00914nam a2200265 a 4500
001 - NÚMERO DE CONTROL
campo de control BRCA_230
005 - FECHA Y HORA DE LA ÚLTIMA TRANSACCIÓN
campo de control 20190320202928.0
008 - DATOS DE LONGITUD FIJA--INFORMACIÓN GENERAL
campo de control de longitud fija 030611s2001 mx-a---##b---#000-0#mul-#
020 ## - NÚMERO INTERNACIONAL ESTÁNDAR DEL LIBRO
Número Internacional Estándar del Libro 9687193190
040 ## - FUENTE DE LA CATALOGACIÓN
Centro catalogador/agencia de origen DLC
Centro/agencia transcriptor DLC
041 ## - CÓDIGO DE LENGUA
Código de lengua del texto/banda sonora o título independiente spa
041 ## - CÓDIGO DE LENGUA
Código de lengua del texto/banda sonora o título independiente eng
050 #4 - SIGNATURA TOPOGRÁFICA DE LA BIBLIOTECA DEL CONGRESO
Número de clasificación NK7114
Número de documento/Ítem .E85 2001
245 10 - MENCIÓN DE TÍTULO
Título Esplendor de la plata mexicana = Splendor of Mexican Silver.
260 ## - PUBLICACIÓN, DISTRIBUCIÓN, ETC.
Lugar de publicación, distribución, etc. México
Nombre del editor, distribuidor, etc. Smurfit Cartón y Papel de México
Fecha de publicación, distribución, etc. 2001
300 ## - DESCRIPCIÓN FÍSICA
Extensión 307 p.
Otras características físicas il. (algunas a color), mapas
Dimensiones 34 cm.
500 ## - NOTA GENERAL
Nota general Contiene información sobre piezas de la Colección Franz Mayer: p. 137-139, 143, 151, 161-164, 166, 168-169, 286, 292-293 y 308
504 ## - NOTA DE BIBLIOGRAFÍA, ETC.
Nota de bibliografía, etc. Bibliografía: (p. 306-307)
546 ## - NOTA DE LENGUA/LENGUAJE
Nota de lengua/lenguaje Texto en español e inglés
650 14 - PUNTO DE ACCESO ADICIONAL DE MATERIA--TÉRMINO DE MATERIA
Término de materia o nombre geográfico como elemento de entrada Orfebrería en plata
Subdivisión geográfica México
9 (RLIN) 793
650 14 - PUNTO DE ACCESO ADICIONAL DE MATERIA--TÉRMINO DE MATERIA
Término de materia o nombre geográfico como elemento de entrada Plata
Subdivisión general Minas y minería
Subdivisión geográfica México
9 (RLIN) 794
653 0# - TÉRMINO DE INDIZACIÓN--NO CONTROLADO
Término no controlado Platería
740 0# - PUNTO DE ACCESO ADICIONAL--TÍTULO RELACIONADO O ANALÍTICO NO CONTROLADO
Título relacionado o analítico no controlado Splendor of Mexican Silver
942 ## - ELEMENTOS DE PUNTO DE ACCESO ADICIONAL (KOHA)
Fuente del sistema de clasificación o colocación Library of Congress Classification
Tipo de ítem Koha Libros
Holdings
Estado de retiro Estado de pérdida Estado dañado No para préstamo Localización permanente Ubicación/localización actual Fecha de adquisición Total de préstamos Signatura topográfica completa Código de barras Fecha visto por última vez Precio válido a partir de Tipo de ítem Koha
El ejemplar forma parte de la colección y puede ser consultado según las políticas vigentes.       Biblioteca del Museo Franz Mayer (Rogerio Casas-Alatriste) Biblioteca del Museo Franz Mayer (Rogerio Casas-Alatriste) 25/06/2008   NK7114 .E85 2001 00293 22/03/2019 22/03/2019 Libros